|
|
|
|
| LEADER |
00000nam0a2200000 4500 |
| 001 |
290379 |
| 005 |
20231102000300.0 |
| 010 |
|
|
|a 9785911349523
|
| 010 |
|
|
|a 978-5-16-010189-7
|
| 035 |
|
|
|a (RuTPU)RU\TPU\book\314928
|
| 090 |
|
|
|a 290379
|
| 100 |
|
|
|a 20150406d2015 m y0rusy50 ca
|
| 101 |
0 |
|
|a rus
|
| 102 |
|
|
|a RU
|
| 105 |
|
|
|a a j 001zy
|
| 200 |
1 |
|
|a Диагностика электрооборудования автомобилей и тракторов
|e учебное пособие
|f В. А. Набоких
|
| 205 |
|
|
|a 2-е изд.
|
| 210 |
|
|
|a Москва
|c Инфра-М
|c Форум
|d 2015
|
| 215 |
|
|
|a 287 с.
|c ил.
|
| 225 |
1 |
|
|a Высшее образование. Бакалавриат
|
| 320 |
|
|
|a Библиогр.: с. 260-265.
|
| 330 |
|
|
|a В учебном пособии рассмотрены системы технического обслуживания, диагностирования изделий и систем электрооборудования в процессе эксплуатации, а также комплекс материально-технических, экономических, организационных и социальных мероприятий, которые обеспечивают поддержание транспортных машин в работоспособном состоянии. В приложении даны лабораторные работы.Предназначено для студентов и преподателей высших учебных заведений.
|
| 606 |
1 |
|
|a Автотракторное электрооборудование
|2 stltpush
|3 (RuTPU)RU\TPU\subj\1370
|9 30154
|
| 610 |
1 |
|
|a автомобили
|
| 610 |
1 |
|
|a тракторы
|
| 610 |
1 |
|
|a эксплуатация
|
| 610 |
1 |
|
|a электрическое оборудование
|
| 610 |
1 |
|
|a диагностирование
|
| 610 |
1 |
|
|a параметры
|
| 610 |
1 |
|
|a бортовая диагностика
|
| 610 |
1 |
|
|a стендовое оборудование
|
| 610 |
1 |
|
|a диагностическое оборудование
|
| 610 |
1 |
|
|a техническое состояние
|
| 610 |
1 |
|
|a проверка
|
| 610 |
1 |
|
|a техническое обслуживание
|
| 610 |
1 |
|
|a экстремальные условия
|
| 610 |
1 |
|
|a автоэлектроника
|
| 610 |
1 |
|
|a электронные системы
|
| 610 |
1 |
|
|a учебные пособия
|
| 675 |
|
|
|a 629.114.2.06(075.8)
|v 4
|
| 700 |
|
1 |
|a Набоких
|b В. А.
|g Владимир Андреевич
|
| 801 |
|
1 |
|a RU
|b 63413507
|c 20150406
|
| 801 |
|
2 |
|a RU
|b 63413507
|c 20150608
|g RCR
|
| 900 |
|
|
|a Диагностика электрических машин
|
| 900 |
|
|
|a Техническая эксплуатация машин и оборудования
|
| 942 |
|
|
|c BK
|
| 951 |
|
|
|l 8
|
| 959 |
|
|
|a 34/20150406
|d 3
|e 429,90
|f ЧЗТЛ:1
|f УФ:2
|